| 000 | 00454cam a2200169ua 4500 | ||
|---|---|---|---|
| 003 | OSt | ||
| 008 | 241224b |||||||| |||| 00| 0 eng d | ||
| 041 | _aeng | ||
| 082 |
_a621.3175 _bHAR/AU |
||
| 100 |
_aHarrison, H H . _96575 |
||
| 245 | _aAutomatic street traffic signalling / | ||
| 260 |
_aLondon : _bSir Isaac Pitman & Sons Ltd , _c1934. |
||
| 300 | _a187 ; . | ||
| 700 | 1 |
_aMaybury, Henry . _96576 |
|
| 700 | 1 |
_aPriest, T P . _96577 |
|
| 942 | _cBK | ||
| 999 |
_c7098 _d7098 |
||